African countries that have won medals at the olympic Games 2024 - Statistics

General Stats
  • This quiz has been taken 38 times
  • The average score is 10 of 12
Answer Stats
Rank Africa/worldwide Country Gold Silver Bronze % Correct
1 (17) Kenya 4 2 5
100%
3 (44) South Africa 1 3 2
100%
5/6 (52-53) Egypt 1 1 1
97%
4 (47) Ethiopia 1 3 0
97%
2 (39) Algeria 2 0 1
94%
5/6 (52-53) Tunisia 1 1 1
91%
9 (60) Morocco 1 0 1
88%
7/8 (55-56) Uganda 1 1 0
84%
7/8 (55-56) Botswana 1 1 0
75%
10/11/12 (84-85-86) Zambia 0 0 1
63%
10/11/12 (84-85-86) Ivory Coast 0 0 1
59%
10/11/12 (84-85-86) Cape Verde 0 0 1
47%
No matching quizzes found
Score Distribution
Percent of People with Each Score
Percentile by Number Answered
Your Score History
You have not taken this quiz